Central Library OPAC University of Rajshahi

আমার আশার আমেরিকা / (Record no. 68919)

MARC details
000 -LEADER
fixed length control field 01025nam a2200241 a 4500
001 - CONTROL NUMBER
control field 68919
003 - CONTROL NUMBER IDENTIFIER
rucl marc code BD-RjUL
005 - DATE AND TIME OF LATEST TRANSACTION
control field 20211209081829.0
008 - FIXED-LENGTH DATA ELEMENTS--GENERAL INFORMATION
fixed length control field 170408s1964 bg a|||| |||| 00| 0 eng d
035 ## - SYSTEM CONTROL NUMBER
System control number (BD-RjUL)69130
040 ## - CATALOGING SOURCE
Original cataloging agency BD-RjUL
Language of cataloging eng
Transcribing agency BD-RjUL
041 ## - LANGUAGE CODE
Language code of text/sound track or separate title eng
082 ## - DEWEY DECIMAL CLASSIFICATION NUMBER
Edition number 23
Classification number 973.923
Author mark and year JOA 1964
100 ## - MAIN ENTRY--PERSONAL NAME
Personal name জনসন, লিন্ডন বি.
9 (RLIN) 204225
245 ## - TITLE STATEMENT
Title আমার আশার আমেরিকা /
Statement of responsibility, etc. লিন্ডন বি. জনসন, অনুবাদ মোসলেম আলী বিশ্বাস
260 ## - PUBLICATION, DISTRIBUTION, ETC. (IMPRINT)
Place of publication, distribution, etc. ঢাকা :
Name of publisher, distributor, etc. সাইনিং বুক এজেন্সী,
300 ## - PHYSICAL DESCRIPTION
Pagination ১১৮ পৃ. :
Illustrations চিত্র;
Size ২২ সেমি.
500 ## - GENERAL NOTE
General note চিত্র সংযুক্ত।
650 ## - SUBJECT ADDED ENTRY--TOPICAL TERM
Topical term or geographic name as entry element ইউ এস
General subdivision রাজনীতি এবং সরকার
9 (RLIN) 204226
Topical term or geographic name as entry element United States
General subdivision Politics and government
9 (RLIN) 129735
700 ## - ADDED ENTRY--PERSONAL NAME
Personal name বিশ্বাস, মোসলেম আলী [অনু:]
942 ## - ADDED ENTRY ELEMENTS (KOHA)
Source of classification or shelving scheme Dewey Decimal Classification
Koha item type Books
Holdings
Lost status Source of classification or shelving scheme Damaged status Not for loan Collection code Permanent Location Current Location Shelving location Date acquired Source of acquisition Total Checkouts Full call number Date last seen Copy number Koha item type
  Dewey Decimal Classification   Not For Loan Non-fiction Central Library, University of Rajshahi Central Library, University of Rajshahi Reading Room 20/04/1967 U.S.S   B 973.923 JOA 1964 08/04/2017 C-1 Books